000 00799nam a2200241Ia 4500
003 OSt
005 20220918105804.0
006 a|||||r|||| 00| 0
007 ta
008 220915b |||||||| |||| 00| 0 eng d
020 _a8185055912 (hbk)
_c4500
024 _a271789
037 _b638, 09/12/2011, Bright Book Service
_cReference Collections
040 _aARTS
_cARTS
_beng
041 _2eng
_aeng
082 _aO15:g(Q224), 111M6.1-.2(RR)
100 _aBanerjee P
_94001
245 0 _aRama in Indian literature art and thought
260 _aDelhi
_bSundeep Prakashan India
_c1986
650 _aSANSKRIT LITERATURE
942 _hO15:g(Q224), 111M6.1-.2(RR)
_cREF
999 _c109495
_d109495